Statystyki dla Państwa Świata - z liter GEO

Kliknij tutaj aby rozwiązać quiz!

Ogólne statystyki

  • Ten quiz został rozwiązany 20 razy
  • Średni wynik to 4 z 6

Statystyki odpowiedzi

Państwa% Poprawnych
Norwegia
83%
Gwinea Równikowa
72%
Bośnia i Hercegowina
67%
Papua Nowa-Gwinea
67%
Demokratyczna Republika Konga
61%
Republika Zielonego Przylądka
56%

Rozkład punktacji

Percentyl według liczby udzielonych odpowiedzi

Procent ludzi z każdym wynikiem

Twoja historia wyników

Nie rozwiązałeś tego quizu